Catálogo - Centro de Recursos para el Aprendizaje y la Investigación

Volver al Sitio - CRAI Biblioteca

Algebra for today / (Registro nro. 114359)

Detalles MARC
000 -CABECERA
campo de control de longitud fija 00525cam a2200193u 4500
001 - NÚMERO DE CONTROL
campo de control 114359
003 - IDENTIFICADOR DEL NÚMERO DE CONTROL
campo de control DR-UNIBE
005 - FECHA Y HORA DE LA ÚLTIMA TRANSACCIÓN
campo de control 20260512062601.0
008 - DATOS DE LONGITUD FIJA--INFORMACIÓN GENERAL
campo de control de longitud fija 810109s1957 mau 000 0 eng
040 ## - FUENTE DE LA CATALOGACIÓN
Centro catalogador/agencia de origen DLC
Centro/agencia transcriptor CarP
Centro/agencia modificador DLC
-- BIBLIOTECA UNIBE
Lengua de catalogación spa
Normas de descripción rda
041 ## - CÓDIGO DE LENGUA
Código de lengua del texto/banda sonora o título independiente eng
082 ## - NÚMERO DE LA CLASIFICACIÓN DECIMAL DEWEY
Número de clasificación 512 B565a
100 ## - ENTRADA PRINCIPAL--NOMBRE DE PERSONA
Nombre de persona Betz, William,
Fechas asociadas al nombre 1879-1940
Término indicativo de función/relación autor
9 (RLIN) 201968
245 10 - MENCIÓN DE TÍTULO
Título Algebra for today /
Mención de responsabilidad, etc. William Betz
260 ## - PUBLICACIÓN, DISTRIBUCIÓN, ETC.
Lugar de publicación, distribución, etc. Boston :
Nombre del editor, distribuidor, etc. Ginn and Company,
Fecha de publicación, distribución, etc. 1957
300 ## - DESCRIPCIÓN FÍSICA
Extensión 532 páginas
650 #7 - PUNTO DE ACCESO ADICIONAL DE MATERIA--TÉRMINO DE MATERIA
Término de materia o nombre geográfico como elemento de entrada Algebra
Fuente del encabezamiento o término lemb
942 ## - ELEMENTOS DE PUNTO DE ACCESO ADICIONAL (KOHA)
Fuente del sistema de clasificación o colocación Sistema de Clasificación Decimal Dewey
Tipo de ítem Koha Libro (general)
Existencias
Estado de retiro Estado de pérdida Fuente del sistema de clasificación o colocación No para préstamo Código de colección Localización permanente Ubicación/localización actual Fecha de adquisición Total de préstamos Signatura topográfica completa Código de barras Fecha visto por última vez Número de copia Precio válido a partir de Tipo de ítem Koha
  Disponible Sistema de Clasificación Decimal Dewey   General Biblioteca Central UNIBE Biblioteca Central UNIBE 01/01/2026   512 B565a 251172 05/02/2026 Ej. 1 05/02/2026 Libro (general)